| 000 | 00442nam a22001697a 4500 | ||
|---|---|---|---|
| 003 | CEME | ||
| 005 | 20210628204030.0 | ||
| 008 | 210114b xxu||||| |||| 00| 0 eng d | ||
| 020 | _a9788122430721 | ||
| 040 | _cceme | ||
| 082 | _a629.2872 SID | ||
| 100 |
_aKhalil U. Siddiqui _968348 |
||
| 245 | _aA textbook of automobile engineering | ||
| 260 |
_aINDIA _bNEW AGE INTERNATIONAL PUBLISHER _c2011 |
||
| 300 | _aXVI, 363P | ||
| 942 |
_cBK _2ddc |
||
| 999 |
_c575948 _d575948 |
||